[Event "POL-chT Academic"]
[Site "Katowice"]
[Date "2020.11.15"]
[Round "9.23"]
[White "Kotula, Magdalena"]
[Black "Korpalski, Maciej"]
[Result "0-1"]
[WhiteElo "1542"]
[BlackElo "1930"]
[PlyCount "104"]
[EventDate "2020.11.14"]
[EventType "team-swiss (rapid)"]
[EventRounds "9"]
[EventCountry "POL"]
[SourceTitle "CBM 199 Extra"]
[Source "ChessBase"]
[SourceDate "2021.01.31"]
[SourceVersion "1"]
[SourceVersionDate "2021.01.31"]
[SourceQuality "1"]
[WhiteTeam "Katowice Slaski Univ"]
[BlackTeam "Wroclaw University"]
[WhiteTeamCountry "POL"]
[BlackTeamCountry "POL"]

1. e4 c5 2. Nf3 d6 3. d4 cxd4 4. Nxd4 Nf6 5. Nc3 a6 6. Bc4 e6 7. Bb3 Nbd7 8. f3 Nc5 9. Be3 Be7 10. Qd2 0-0 11. 0-0-0 Qc7 12. Kb1 b5 13. h4 Bb7 14. h5 b4 15. Nce2 d5 16. e5 Nfd7 17. h6 g6 18. Bg5 Bxg5 19. Qxg5 Qxe5 20. Qh4 Qf6 21. Qh2 e5 22. g4 exd4 23. g5 Qxg5 24. Rhg1 Qf6 25. Rxd4 a5 26. Bxd5 Bxd5 27. Rxd5 Na4 28. Nd4 Rfd8 29. Rd6 Qe5 30. Qxe5 Nxe5 31. Rxd8+ Rxd8 32. f4 Nc4 33. Nc6 Re8 34. b3 Nc3+ 35. Kc1 Nb6 36. Kb2 f5 37. a3 Nbd5 38. axb4 axb4 39. Nxb4 Nxb4 40. Kxc3 Nd5+ 41. Kc4 Nxf4 42. b4 Rc8+ 43. Kb3 Ne2 44. Rg2 Nd4+ 45. Kb2 f4 46. c3 Nb5 47. Rg4 Rf8 48. c4 Nd4 49. Kc3 Ne2+ 50. Kd3 f3 51. b5 f2 52. Kxe2 f1Q+ 0-1

[Event "POL-chT Academic"]
[Site "Katowice"]
[Date "2020.11.15"]
[Round "7.5"]
[White "Kubicka, Anna"]
[Black "Kotula, Magdalena"]
[Result "1-0"]
[WhiteElo "2256"]
[BlackElo "1542"]
[PlyCount "51"]
[EventDate "2020.11.14"]
[EventType "team-swiss (rapid)"]
[EventRounds "9"]
[EventCountry "POL"]
[SourceTitle "CBM 199 Extra"]
[Source "ChessBase"]
[SourceDate "2021.01.31"]
[SourceVersion "1"]
[SourceVersionDate "2021.01.31"]
[SourceQuality "1"]
[WhiteTeam "Warszawa Kozminskiego Akad"]
[BlackTeam "Katowice Slaski Univ"]
[WhiteTeamCountry "POL"]
[BlackTeamCountry "POL"]

1. e4 c5 2. Ne2 Nc6 3. g3 g6 4. Bg2 Bg7 5. 0-0 e5 6. Nbc3 Nf6 7. d3 0-0 8. f4 exf4 9. Nxf4 d6 10. Kh1 Bg4 11. Bf3 Bxf3+ 12. Qxf3 Nd4 13. Qg2 Ng4 14. Ncd5 h5 15. c3 Nc6 16. Bd2 h4 17. Qh3 Nge5 18. gxh4 Kh7 19. h5 g5 20. Qf5+ Kh8 21. h6 gxf4 22. hxg7+ Kxg7 23. Bxf4 Rh8 24. Bg5 Qe8 25. Bf6+ Kg8 26. Bxe5 1-0

[Event "POL-ch Academic (Women)"]
[Site "Katowice"]
[Date "2020.11.13"]
[Round "1"]
[White "Kotula, Magdalena"]
[Black "Cieslak, Wiktoria"]
[Result "0-1"]
[WhiteElo "1542"]
[BlackElo "2008"]
[PlyCount "54"]
[EventDate "2020.11.13"]
[EventType "swiss (rapid)"]
[EventRounds "9"]
[EventCountry "POL"]
[SourceTitle "CBM 199 Extra"]
[Source "ChessBase"]
[SourceDate "2021.01.31"]
[SourceVersion "1"]
[SourceVersionDate "2021.01.31"]
[SourceQuality "1"]

1. e4 c5 2. Nf3 d6 3. d4 cxd4 4. Nxd4 Nf6 5. Nc3 a6 6. Bc4 Nbd7 7. Bb3 Nc5 8. f3 e6 9. Be3 Nxb3 10. axb3 Be7 11. Qd2 Qc7 12. 0-0-0 e5 13. Nf5 Bxf5 14. exf5 Rc8 15. Kb1 d5 16. Bg5 d4 17. Ne4 Nxe4 18. fxe4 f6 19. Bh4 0-0 20. g4 a5 21. g5 fxg5 22. Bxg5 Bxg5 23. Qxg5 Qxc2+ 24. Ka1 a4 25. Rhg1 Rf7 26. Rc1 axb3 27. Rxc2 bxc2 0-1

[Event "Polanica Zdroj op-C 52nd"]
[Site "Polanica Zdroj"]
[Date "2016.08.28"]
[Round "3"]
[White "Kotula, Magdalena"]
[Black "Paziewski, Marcin"]
[Result "1-0"]
[WhiteElo "1567"]
[BlackElo "1716"]
[PlyCount "55"]
[EventDate "2016.08.20"]
[EventType "swiss"]
[EventRounds "9"]
[EventCountry "POL"]
[SourceTitle "CBM 174 Extra"]
[Source "ChessBase"]
[SourceDate "2016.10.10"]
[SourceVersion "1"]
[SourceVersionDate "2016.10.10"]
[SourceQuality "1"]

1. e4 c6 2. d4 d5 3. exd5 cxd5 4. Bd3 Nf6 5. Bf4 e6 6. Nf3 Bd6 7. Bg3 Nc6 8. c3 Qc7 9. Nbd2 Bd7 10. Qe2 Bxg3 11. hxg3 0-0-0 12. 0-0 h5 13. b4 Ng4 14. b5 Ne7 15. c4 dxc4 16. Bxc4 h4 17. Ng5 e5 18. f3 hxg3 19. fxg4 Qb6 20. Qd3 Bxg4 21. Qxg3 Rxd4 22. Rf2 Nf5 23. Qxe5 Rxd2 24. Be6+ fxe6 25. Rc1+ Kd7 26. Rc7+ Qxc7 27. Qxe6+ Kd8 28. Rxd2+ 1-0

[Event "POL-ch U18 Girls"]
[Site "Szklarska Poreba"]
[Date "2016.03.14"]
[Round "2"]
[White "Kotula, Magdalena"]
[Black "Wierzbowska, Aleksandra"]
[Result "1/2-1/2"]
[WhiteElo "1502"]
[BlackElo "1685"]
[PlyCount "73"]
[EventDate "2016.03.13"]
[EventType "swiss"]
[EventRounds "9"]
[EventCountry "POL"]
[SourceTitle "EXT 2018"]
[Source "ChessBase"]
[SourceDate "2017.10.13"]
[SourceVersion "1"]
[SourceVersionDate "2017.10.13"]
[SourceQuality "1"]

1. e4 c5 2. Nf3 Nc6 3. Bb5 d6 4. Bxc6+ bxc6 5. 0-0 g6 6. Nc3 Bg7 7. Re1 Bg4 8. h3 Bxf3 9. Qxf3 Qc7 10. d3 Rb8 11. Nd1 e6 12. c3 Ne7 13. Bf4 0-0 14. Rb1 e5 15. Bh2 Qa5 16. a3 Rb3 17. Ne3 Qb5 18. Nc4 d5 19. exd5 cxd5 20. Nxe5 Rxb2 21. Rbc1 Bh6 22. Bf4 Bxf4 23. Qxf4 Nf5 24. g4 f6 25. Nxg6 hxg6 26. gxf5 Qxd3 27. fxg6 Qxh3 28. Re3 Qd7 29. Rce1 Qg7 30. Qf5 Qh6 31. Qe6+ Kg7 32. Qd7+ Kg8 33. g7 Rf7 34. Qe8+ Kxg7 35. Rg3+ Qg6 36. Rxg6+ Kxg6 37. Re7 1/2-1/2

[Event "POL-ch U16 Girls"]
[Site "Szczyrk"]
[Date "2013.??.??"]
[Round "4"]
[White "Kotula, Magdalena"]
[Black "Rynkiewicz, Natalia"]
[Result "1/2-1/2"]
[WhiteElo "1520"]
[BlackElo "1357"]
[PlyCount "130"]
[EventDate "2013.03.17"]
[EventType "swiss"]
[EventRounds "9"]
[EventCountry "POL"]
[SourceTitle "CBM 153 Extra"]
[Source "ChessBase"]
[SourceDate "2013.04.22"]
[SourceVersion "1"]
[SourceVersionDate "2013.04.22"]
[SourceQuality "1"]

1. e4 c5 2. c4 e6 3. Nc3 a6 4. Nge2 Nc6 5. d4 cxd4 6. Nxd4 d6 7. Be2 Nf6 8. Nxc6 bxc6 9. Be3 c5 10. 0-0 Bb7 11. Qa4+ Qd7 12. Qxd7+ Kxd7 13. f3 Bc6 14. Rfd1 Kc7 15. Rd2 Be7 16. Rad1 Rhd8 17. Bd3 Rab8 18. b3 Nd7 19. Bb1 Nb6 20. Bf4 e5 21. Bg3 f6 22. Bf2 Rd7 23. a4 Nc8 24. Ba2 Na7 25. Nd5+ Bxd5 26. Rxd5 Rbd8 27. b4 Nc6 28. b5 Nb4 29. R5d2 a5 30. Kf1 Kb6 31. Bb1 Bf8 32. Bd3 Be7 33. Be2 g6 34. Bh4 g5 35. Bf2 h5 36. g3 Rh8 37. Ke1 Rdd8 38. h3 Kc7 39. Bf1 Rhg8 40. Bg2 Rgf8 41. Be3 Rg8 42. Bh1 Rh8 43. Rh2 Rh7 44. f4 Rhh8 45. Rdd2 Rdf8 46. f5 Rd8 47. g4 h4 48. Rd1 Rd7 49. Bc1 Rhd8 50. Rhd2 Kb6 51. Bf3 Ra7 52. Be2 Rad7 53. Bd3 Ra7 54. Bb1 Rad7 55. Ba2 Ra7 56. Bb3 Rb7 57. Ba3 Rc7 58. Bxb4 cxb4 59. Rd5 Rc5 60. Ke2 Rxd5 61. Rxd5 Rc8 62. Ke3 Rc5 63. Rd1 Bf8 64. Rd5 Be7 65. Rxc5 Kxc5 1/2-1/2

[Event "POL Region-ch U15 Girls"]
[Site "Szczyrk"]
[Date "2012.10.21"]
[Round "2.3"]
[White "Binkowska, Agata"]
[Black "Kotula, Magdalena"]
[Result "1-0"]
[WhiteElo "1588"]
[BlackElo "1478"]
[PlyCount "77"]
[EventDate "2012.10.14"]
[EventType "tourn"]
[EventRounds "8"]
[EventCountry "POL"]
[SourceTitle "EXT 2023"]
[Source "ChessBase"]
[SourceDate "2022.10.05"]
[SourceVersion "1"]
[SourceVersionDate "2022.10.05"]
[SourceQuality "1"]

1. d4 c5 2. e3 cxd4 3. exd4 Nf6 4. Nf3 Nc6 5. Nbd2 d5 6. Nb3 Bf5 7. Bd3 Bg6 8. Bf4 e6 9. Qe2 Bd6 10. Bxg6 hxg6 11. Ne5 Rc8 12. c3 Rh4 13. g3 Rh5 14. 0-0-0 Bxe5 15. dxe5 Nd7 16. g4 Rh3 17. Rhe1 g5 18. Bg3 Qb6 19. Kb1 a5 20. Qd2 a4 21. Nd4 Nxd4 22. Qxd4 Rc4 23. Qxb6 Nxb6 24. f3 a3 25. Rd4 axb2 26. Kxb2 Na4+ 27. Kb3 Nxc3 28. Rxc4 dxc4+ 29. Kxc3 Rh6 30. Rb1 f5 31. Rxb7 f4 32. a4 fxg3 33. hxg3 Rh1 34. Kxc4 Ra1 35. Kb5 g6 36. a5 Kd8 37. Rg7 Rb1+ 38. Ka6 Kc8 39. Rxg6 1-0

[Event "POL-chT U19 2nd League"]
[Site "Borowice"]
[Date "2012.07.23"]
[Round "3"]
[White "Panczuk, Joanna"]
[Black "Kotula, Magdalena"]
[Result "1-0"]
[WhiteElo "1666"]
[BlackElo "1460"]
[PlyCount "59"]
[EventDate "2012.07.21"]
[EventType "team-swiss"]
[EventRounds "11"]
[EventCountry "POL"]
[SourceTitle "EXT 2014"]
[Source "ChessBase"]
[SourceDate "2013.11.20"]
[SourceVersion "1"]
[SourceVersionDate "2013.11.20"]
[SourceQuality "1"]
[WhiteTeam "Gliwice Politechnika Slaska U19"]
[BlackTeam "Tarnowskie Gory Strzybniczanka U19"]
[WhiteTeamCountry "POL"]
[BlackTeamCountry "POL"]

1. e4 c5 2. Nf3 Nc6 3. c3 e5 4. d4 cxd4 5. cxd4 exd4 6. Nxd4 Nf6 7. Nxc6 bxc6 8. Bd3 Bb4+ 9. Bd2 Qa5 10. 0-0 0-0 11. Re1 d6 12. Nc3 Ng4 13. Be2 Nf6 14. a3 Bxc3 15. Bxc3 Qg5 16. Bf3 Ng4 17. Qxd6 f5 18. exf5 Bxf5 19. Bxg4 Rad8 20. Qc5 Qxg4 21. Re7 Rf7 22. h3 Qg6 23. Rae1 Bxh3 24. Re8+ Rf8 25. Rxf8+ Rxf8 26. g3 Rf5 27. Qc4+ Kh8 28. Qh4 Qf7 29. Qd8+ Qf8 30. Re8 1-0

[Event "Solina Mind Sports U14 Girls op "]
[Site "Solina"]
[Date "2012.04.20"]
[Round "8"]
[White "Kotula, Magdalena"]
[Black "Dwilewicz, Katarzyna"]
[Result "0-1"]
[WhiteElo "1444"]
[BlackElo "1616"]
[PlyCount "120"]
[EventDate "2012.04.15"]
[EventType "swiss"]
[EventRounds "9"]
[EventCountry "POL"]
[SourceTitle "EXT 2014"]
[Source "ChessBase"]
[SourceDate "2013.11.20"]
[SourceVersion "1"]
[SourceVersionDate "2013.11.20"]
[SourceQuality "1"]

1. e4 c5 2. Nf3 e6 3. d4 cxd4 4. Nxd4 Nc6 5. Nc3 a6 6. Nxc6 bxc6 7. Bd3 Nf6 8. Be3 d6 9. 0-0 e5 10. f4 Be7 11. Be2 0-0 12. g4 exf4 13. Rxf4 Be6 14. g5 Nd7 15. h4 Ne5 16. Qe1 Ng6 17. Rf3 Bg4 18. Rg3 Bxe2 19. Qxe2 d5 20. exd5 Qb8 21. Bf2 Bd6 22. Rf3 cxd5 23. Nxd5 Qxb2 24. Rd1 Rae8 25. Qxa6 Qxc2 26. Nc3 Ne5 27. Rh3 Ng4 28. Rf3 Bh2+ 29. Kf1 Nxf2 30. Rxf2 Qxc3 31. Qd3 Qxd3+ 32. Rxd3 Be5 33. a4 f6 34. gxf6 Rxf6 35. Rb3 Rxf2+ 36. Kxf2 Ra8 37. Rb4 Kf7 38. Kf3 Bf6 39. Kg4 Rd8 40. a5 Rd4+ 41. Rxd4 Bxd4 42. Kf5 g6+ 43. Ke4 Bg1 44. h5 Kf6 45. Kf4 g5+ 46. Ke4 Kg7 47. Kf3 Kh6 48. Kg4 Ba7 49. a6 Bb6 50. Kg3 Kxh5 51. Kh3 g4+ 52. Kg3 Kg5 53. Kh2 h5 54. Kg2 h4 55. Kh2 Kf4 56. Kg2 Ke4 57. Kh2 Ke3 58. Kh1 Kf2 59. Kh2 g3+ 60. Kh3 g2 0-1

[Event "Podlaskie-ch U15 Girls 17th"]
[Site "Suwalki"]
[Date "2011.04.18"]
[Round "6"]
[White "Kotula, Magdalena"]
[Black "Gora, Antonina"]
[Result "0-1"]
[WhiteElo "1460"]
[BlackElo "1615"]
[PlyCount "62"]
[EventDate "2011.04.14"]
[EventType "swiss"]
[EventRounds "10"]
[EventCountry "POL"]
[SourceTitle "EXT 2012"]
[Source "ChessBase"]
[SourceDate "2011.11.24"]
[SourceVersion "1"]
[SourceVersionDate "2011.11.24"]
[SourceQuality "1"]

1. e4 c5 2. Nf3 d6 3. d4 cxd4 4. Nxd4 Nf6 5. Nc3 a6 6. Bc4 e6 7. Bb3 Nbd7 8. 0-0 Be7 9. f4 Qc7 10. Kh1 0-0 11. Bxe6 fxe6 12. Nxe6 Qc4 13. Nxf8 Bxf8 14. Qd3 Qc6 15. Nd5 b5 16. Qb3 Kh8 17. Qc3 Qxc3 18. Nxc3 Bb7 19. Re1 Re8 20. Bd2 Nxe4 21. Re2 Ndf6 22. Rae1 d5 23. h3 Ng3+ 24. Kg1 Nxe2+ 25. Nxe2 Bc5+ 26. Kf1 Kg8 27. Rd1 Ne4 28. Ba5 g5 29. f5 Kf7 30. g4 Nf2 31. Re1 Nxh3 0-1

[Event "Podlaskie-ch U15 Girls 17th"]
[Site "Suwalki"]
[Date "2011.04.16"]
[Round "4"]
[White "Wilk, Oktawia"]
[Black "Kotula, Magdalena"]
[Result "0-1"]
[WhiteElo "1375"]
[BlackElo "1460"]
[PlyCount "66"]
[EventDate "2011.04.14"]
[EventType "swiss"]
[EventRounds "10"]
[EventCountry "POL"]
[SourceTitle "EXT 2012"]
[Source "ChessBase"]
[SourceDate "2011.11.24"]
[SourceVersion "1"]
[SourceVersionDate "2011.11.24"]
[SourceQuality "1"]

1. e4 e5 2. Nf3 d5 3. exd5 e4 4. Ng1 Nf6 5. Nc3 Be7 6. Bb5+ Bd7 7. Bxd7+ Qxd7 8. Nge2 0-0 9. 0-0 Re8 10. d3 exd3 11. Qxd3 Na6 12. a3 Rad8 13. Rd1 Bc5 14. Bg5 Qd6 15. h3 h6 16. Bh4 g5 17. Bg3 Qd7 18. b4 Bb6 19. Qf3 Qe7 20. h4 Nxd5 21. Nxd5 Qxe2 22. Nf6+ Kf8 23. Nxe8 Rxe8 24. Qxe2 Rxe2 25. c4 c5 26. b5 Nc7 27. hxg5 hxg5 28. Bxc7 Bxc7 29. Rd7 Be5 30. Rad1 Bd4 31. Rxb7 Rxf2 32. Kh1 Rf6 33. Rxa7 Rh6# 0-1